MARC

LEADER 00000nam0a2200000 4500
001 363428
005 20231102011605.0
035 |a (RuTPU)RU\TPU\retro\20775 
035 |a RU\TPU\retro\20741 
090 |a 363428 
100 |a 20210930d1935 k y0rusy50 ca 
101 0 |a rus 
102 |a RU 
105 |a a z 001zy 
200 1 |a Джидинский рудный район. Вып. 1 : Геологические исследования долины верхнего течения р. Джиды  |f П. И. Налетов  |g Главное геолого-гидро-геодезическое управление (ГГГГУ), Восточно-Сибирский геолого-гидро-геодезический трест 
210 |a Москва  |a Ленинград  |c ГОНТИ  |d 1935 
215 |a 36 с.  |c ил.  |e карты 
225 1 |a Труды Восточно-Сибирского геолого-гидро-геодезического треста  |v Вып. 11 
320 |9 572  |a Библиогр.: с. 35-36 
606 1 |a Геологические исследования  |2 stltpush  |3 (RuTPU)RU\TPU\subj\6042  |9 34006 
610 1 |a Восточное Забайкалье 
610 1 |a Восточная Сибирь 
610 1 |a физическая география 
610 1 |a стратиграфия 
610 1 |a петрология 
610 1 |a изверженные породы 
610 1 |a тектоника 
610 1 |a геоморфология 
610 1 |a экономика 
675 |a 55  |v 3 
700 1 |a Налетов  |b П. И. 
712 0 2 |a Главное геолого-гидро-геодезическое управление (ГГГГУ)  |b Восточно-Сибирский геолого-гидро-геодезический трест  |c (1933-1935)  |2 stltpush  |3 (RuTPU)RU\TPU\col\16450 
801 1 |a RU  |b 63413507  |c 20160302 
801 2 |a RU  |b 63413507  |c 20210930  |g RCR 
942 |c BK